| 000 | 00936nam a22003017a 4500 | ||
|---|---|---|---|
| 001 | 8333 | ||
| 003 | FISKH | ||
| 005 | 20250909140641.0 | ||
| 008 | 250909b cb ||||| |||| 00| 0 eng d | ||
| 020 | _a9780590372121 | ||
| 040 |
_aFISKH _beng _cFISKH _dFISKH |
||
| 050 | _aPZ8.M4194 C | ||
| 082 | _a808.80334 | ||
| 100 |
_aMarzollo, Jean _d(1942–2018) |
||
| 245 |
_aChristmas cats / _cBy Jean Marzollo ; Illustrated by Hans Wilhelm |
||
| 250 | _aThis edition first published in 1997 | ||
| 260 |
_aNew York : _bScholastic, _c1997 |
||
| 300 |
_a27 unnumbered pages : _bcolor illustrations ; _c21 cm |
||
| 505 | _aE | ||
| 520 | _aCreative cats prepare for Christmas by making chains, hanging mistletoe, and singing carols. | ||
| 521 | 8 |
_a190
_bLexile |
|
| 521 | 8 |
_aE
_bRaz-Plus |
|
| 650 |
_2Winter _aHoliday |
||
| 650 |
_2Cats _aRhyme |
||
| 700 |
_aWilhelm, Hans _dillustrator |
||
| 942 |
_2ddc _cBK _n0 |
||
| 999 |
_c8333 _d8333 |
||